Microelectronics Analog Communications Handbook / (Record no. 189180)

000 -LEADER
fixed length control field 00892 a2200169 4500
003 - CONTROL NUMBER IDENTIFIER
control field Nust
005 - DATE AND TIME OF LATEST TRANSACTION
control field 20221208121230.0
040 ## - CATALOGING SOURCE
Transcribing agency Nust
082 ## - DEWEY DECIMAL CLASSIFICATION NUMBER
Classification number 621.382,MIT
245 ## - TITLE STATEMENT
Title Microelectronics Analog Communications Handbook /
Statement of responsibility, etc. Mitel
250 ## - EDITION STATEMENT
Edition statement Issue. 7
260 ## - PUBLICATION, DISTRIBUTION, ETC.
Name of publisher, distributor, etc. Mitel
Date of publication, distribution, etc. 1990
Place of publication, distribution, etc. Canada
300 ## - PHYSICAL DESCRIPTION
Extent various paging,
505 ## - FORMATTED CONTENTS NOTE
Formatted contents note General Information (Page-1), Analog Switches (Page-2), DTMF Signaling Components (Page-3), Line and Trunk Interfaces (Page-4-1), Modems and Support Components (Page-5), Custom Hybrids (Page-6), Digital Switches (Page-7), Primary Rate Interfaces (Page-8), Basic Rate Interfaces (Page-9), Rate Adaptors (Page-10), Codec and Digital Phone Components (Page-11), ST-BUS Support Components (Page-12), Software (Page-13), Development Products (Page-14), Application Notes (Page-15).
650 ## - SUBJECT ADDED ENTRY--TOPICAL TERM
Topical term or geographic name entry element Telecommunications engineering.
9 (RLIN) 58485
942 ## - ADDED ENTRY ELEMENTS (KOHA)
Source of classification or shelving scheme
Koha item type Book
Holdings
Withdrawn status Lost status Source of classification or shelving scheme Damaged status Not for loan Permanent Location Current Location Shelving location Date acquired Full call number Barcode Date last seen Price effective from Koha item type Public note
          Military College of Signals (MCS) Military College of Signals (MCS) General Stacks 12/12/2016 621.382,MIT MCS34978 12/08/2016 12/12/2016 Book Almirah No.35, Shelf No.4
© 2023 Central Library, National University of Sciences and Technology. All Rights Reserved.